Conjugacy of Alt5 and SL(2, 5) subgroups of E8(C)

Αποθηκεύτηκε σε:
Λεπτομέρειες βιβλιογραφικής εγγραφής
Κύριος συγγραφέας: Frey, Darrin D. 1966-
Μορφή: Βιβλίο
Γλώσσα:English
Δημοσίευση: Providence, R.I. : American Mathematical Society, 1998
Σειρά:Memoirs of the American Mathematical Society ; ; 634
Θέματα:
Ετικέτες: Προσθήκη ετικέτας
Δεν υπάρχουν, Καταχωρήστε ετικέτα πρώτοι!

MARC

LEADER 00000nam a2200000 i 4500
001 1/91488
008 991020s1998 eng d
020 |a 0-8218-0778-1 
035 |l 10053616 
040 |a GR-MY-UA  |b gre  |e aacr 
041 0 |a eng 
082 0 |a 512.55 
100 1 |a Frey, Darrin D.  |d 1966- 
245 1 0 |a Conjugacy of Alt5 and SL(2, 5) subgroups of E8(C) /  |c Darrin D.Frey 
260 |a Providence, R.I. :   |b American Mathematical Society,   |c 1998 
300 |a viii, 162 p.;  |b ill.;  |c 26 cm. 
490 1 |a Memoirs of the American Mathematical Society  |v ; 634 
500 |a "Volume 133, number 634 (end of volume)" 
500 |a Includes bibliohraphical references 
650 0 0 |a Lie groups. 
650 0 0 |a Representations of groups. 
830 0 |a Memoirs of the American Mathematical Society ;  |v ; 634 
852 |a INST  |b SAMOS  |e 19991020  |h 512.55 FRE  |p 005300016911  |q 005300016911  |t BK  |y 0 
901 |a BIBL3-1999-3 
909 |a Σ  |b 063364 
922 |a 3ΕΛΗ  |b 199907  |c ΕΠΕΑΕΚ/ΜΑΘ  |d ΠΑΠΑΣΩΤΗΡΙΟΥ 
970 |a ΠΟΥΡΝΑΡΑΣ  |b ΔΗΜΗΤΡΗΣ  |z 1999/10/20